000 00577cam a2200145 4500500
005 20260208010608.0
041 _afre
042 _adc
100 1 0 _aLorvellec, Yves
_eauthor
245 0 0 _aAnne-Marie Drouin-Hans, Éducation et utopies, Paris, Vrin, 2004, coll. « Philosophie de l’éducation », 286 p.
260 _c2006.
500 _a35
786 0 _nRevue philosophique de la France et de l'étranger | 131 | 1 | 2006-03-01 | p. 77zzf-138zzf | 0035-3833
856 4 1 _uhttps://shs.cairn.info/revue-philosophique-2006-1-page-77zzf?lang=fr&redirect-ssocas=7080
999 _c1657283
_d1657283